<?xml version="1.0" encoding="UTF-8"?>
<record
    xmlns:xsi="http://www.w3.org/2001/XMLSchema-instance"
    xsi:schemaLocation="http://www.loc.gov/MARC21/slim http://www.loc.gov/standards/marcxml/schema/MARC21slim.xsd"
    xmlns="http://www.loc.gov/MARC21/slim">

  <leader>01823nab a2200253uuc4500</leader>
  <controlfield tag="001">1473306</controlfield>
  <controlfield tag="005">20241121090234.0</controlfield>
  <controlfield tag="008">170914e20160905                    spa  </controlfield>
  <datafield tag="035" ind1=" " ind2=" ">
    <subfield code="a">1473306</subfield>
  </datafield>
  <datafield tag="040" ind1=" " ind2=" ">
    <subfield code="c">comduadb</subfield>
  </datafield>
  <datafield tag="041" ind1=" " ind2=" ">
    <subfield code="a">spa</subfield>
  </datafield>
  <datafield tag="100" ind1="1" ind2="0">
    <subfield code="a">Correa Diaz, Ana Maria</subfield>
    <subfield code="4">aut</subfield>
    <subfield code="e">aut</subfield>
    <subfield code="9">401251</subfield>
  </datafield>
  <datafield tag="245" ind1="1" ind2="0">
    <subfield code="a">Responsabilidad social y &#xE9;tica m&#xE9;dico-sanitaria</subfield>
  </datafield>
  <datafield tag="520" ind1="3" ind2=" ">
    <subfield code="a">RESUMEN : La presente reflexi&#xF3;n se deriva de un proyecto de investigaci&#xF3;n en el &#xE1;rea de la telemedicina y su relaci&#xF3;n con la responsabilidad social y &#xE9;tica como apoyo a la responsabilidad civil y penal del m&#xE9;dico en su ejercicio profesional. Para ello, se recurri&#xF3; a la revisi&#xF3;n de la literatura y a la consulta de expertos de la Fundaci&#xF3;n Cardiovascular de Colombia. Como resultado, se tiene que ante las leyes netamente definitorias sobre telemedicina; la bio&#xE9;tica, la deontolog&#xED;a, la responsabilidad social y los principios morales cumplen la labor propia del principio hipocr&#xE1;tico de primum non nocere, "no hacer da&#xF1;o", es decir, de hacer el bien en la sociedad al guiar al m&#xE9;dico hacia principios del deber ser. Ante normas dispersas e inespec&#xED;ficas que regulen la prestaci&#xF3;n del servicio de telemedicina, la conciencia moral y &#xE9;tica del m&#xE9;dico evita la deshumanizaci&#xF3;n de la medicina y la desigualdad en el acceso a los servicios de salud. </subfield>
  </datafield>
  <datafield tag="650" ind1=" " ind2="7">
    <subfield code="a">Responsabilidad social</subfield>
    <subfield code="2"></subfield>
    <subfield code="9">18317</subfield>
  </datafield>
  <datafield tag="650" ind1=" " ind2=" ">
    <subfield code="a">Responsabilidad (Etica)</subfield>
    <subfield code="9">27804</subfield>
  </datafield>
  <datafield tag="650" ind1=" " ind2=" ">
    <subfield code="a">Telemedicina</subfield>
    <subfield code="9">63658</subfield>
  </datafield>
  <datafield tag="650" ind1=" " ind2="7">
    <subfield code="a">Responsabilidad civil</subfield>
    <subfield code="2">armarc</subfield>
    <subfield code="9">1417</subfield>
  </datafield>
  <datafield tag="650" ind1=" " ind2=" ">
    <subfield code="a">Medicina - Aspectos sociales</subfield>
    <subfield code="9">113002</subfield>
  </datafield>
  <datafield tag="650" ind1=" " ind2=" ">
    <subfield code="a">Medicina - Pr&#xE1;ctica profesional</subfield>
    <subfield code="9">8165</subfield>
  </datafield>
  <datafield tag="700" ind1="1" ind2="0">
    <subfield code="a">Valencia Arias, Alejandro</subfield>
    <subfield code="4">aut</subfield>
    <subfield code="e">aut</subfield>
    <subfield code="9">696640</subfield>
  </datafield>
  <datafield tag="773" ind1="0" ind2=" ">
    <subfield code="t">Ratio Juris (Medell&#xED;n)</subfield>
    <subfield code="g">Volumen 11, N&#xFA;mero 22, Enero-Junio 2016, 73-90</subfield>
    <subfield code="w">1280164</subfield>
    <subfield code="x">1794-6638</subfield>
    <subfield code="0">606707</subfield>
  </datafield>
  <datafield tag="942" ind1=" " ind2=" ">
    <subfield code="c">ARIMP</subfield>
  </datafield>
  <datafield tag="999" ind1=" " ind2=" ">
    <subfield code="c">762879</subfield>
    <subfield code="d">762879</subfield>
  </datafield>
</record>
